000 00544nam a22001817a 4500
005 20241209071336.0
008 241209b |||||||| |||| 00| 0 eng d
020 _a978639009933
041 _aEnglish
082 _a346.43 WES
100 _lEnglish
245 _aThe Practitioner's Guide to Conveyancing and Notarial Practice /
_cA West
250 _a2nd Edition
260 _aDurban:
_bLexisNexis (Pty) Ltd,
_c2020
300 _bxviii, 795 pages
_c33 cm.
650 _aLegal practice
_bLaw
942 _cBK
_6ALISON_BN_VRIES
999 _c3286
_d3286